Seriously stressed. (Record no. 1394)
[ view plain ]
| 000 -LEADER | |
|---|---|
| fixed length control field | 01118nam a2200169 a 4500 |
| 005 - DATE AND TIME OF LATEST TRANSACTION | |
| control field | 20260322212058.0 |
| 008 - FIXED-LENGTH DATA ELEMENTS--GENERAL INFORMATION | |
| fixed length control field | data |
| 099 ## - LOCAL FREE-TEXT CALL NUMBER (OCLC) | |
| Classification number | DVD WB 800 S475 |
| 001 - CONTROL NUMBER | |
| control field | data |
| 110 2# - MAIN ENTRY--CORPORATE NAME | |
| Corporate name or jurisdiction name as entry element | Films for the Humanities (Firm) |
| 245 10 - TITLE STATEMENT | |
| Title | Seriously stressed. |
| Statement of responsibility, etc. | Films for the Humanities (Firm). |
| 260 ## - PUBLICATION, DISTRIBUTION, ETC. | |
| Place of publication, distribution, etc. | Princeton, NJ : |
| Name of publisher, distributor, etc. | Films for the Humanities & Sciences, |
| Date of publication, distribution, etc. | 2006. |
| 300 ## - PHYSICAL DESCRIPTION | |
| Extent | 1 videodisc (46 min.) : sd., col. ; |
| Other physical details | 4 3/4 in. |
| 520 3# - SUMMARY, ETC. | |
| Summary, etc. | The pace of life has greatly increased, and the escalation of chronic stress is costing people their health, relationships, and careers. In this program, an immunologist, a psychiatrist, and a mental skills coach lay bare the symptoms of chronic stress, the negative impact on the body of continual exposure to adrenalin and cortisol, and biological and psychological factors that influence vulnerability to overstressing. The fight/flight/freeze response function and the stress/resistance/recovery curve are also addressed. Case studies include an IBM executive, an administrative assistant, and a crime scene videographer. |
| 650 #0 - SUBJECT ADDED ENTRY--TOPICAL TERM | |
| Topical term or geographic name entry element | Stress management |
| 650 #0 - SUBJECT ADDED ENTRY--TOPICAL TERM | |
| Topical term or geographic name entry element | Stress (Psychology) |
| Withdrawn status | Lost status | Damaged status | Not for loan | Home library | Current library | Shelving location | Date acquired | Total checkouts | Full call number | Barcode | Date last seen | Price effective from | Koha item type |
|---|---|---|---|---|---|---|---|---|---|---|---|---|---|
| Franklin | Franklin | General stacks | 22/03/2026 | GEN | BC0011440 | 22/03/2026 | 22/03/2026 | Books |